| 000 | 00743nam a2200217Ii 4500 | ||
|---|---|---|---|
| 003 | JO-AjNU | ||
| 008 | 230605s9999||||xx |||||||||||||| ||und|| | ||
| 017 | _a2001/14873 | ||
| 020 | _a977-01-7521/8 | ||
| 040 |
_aJO-AjNU _bara _erda _cJO-AjNU |
||
| 041 | _aara | ||
| 050 | 1 | 4 | _aPJ7846 2003 |
| 100 | 3 |
_aإعداد عناني،محمد, _eauthor _910062 |
|
| 245 | 0 | 0 | _aالمختار من شعر محمود سامي البارودي |
| 264 | 3 | 1 | _aالقاهرة:مكتبة الأسرة،2001 ؛ مهرجان القراءة للجميع 2001 |
| 300 | _a168ص | ||
| 336 |
_atext _btxt _2rdacontent |
||
| 337 |
_aunmediated _bn _2rdamedia |
||
| 338 |
_avolume _bnc _2rdacarrier |
||
| 650 | 4 |
_aالأدب العربي - تفسير ونقد _910063 |
|
| 999 |
_aA1617 _c5185 _d5185 |
||